Die 160 beliebtesten ♂ ♀ Vornamen in Dänemark - Statistiken

Allgemein
  • Dieses Quiz wurde 48 mal gespielt
  • Das Durchschnittsergebnis liegt bei 36 aus 162
Antwortstatistiken
♀ / ♂ Name % Korrekt
Jungen - - > | Mädchen - - > ⤵️
97%
A4 Anna
70%
F8 Frederik
64%
J3 Jan
55%
E4 Emil
52%
E4 Emma
52%
I3 Ida
52%
M5 Marie
52%
C9 Christian
48%
E4 Erik
48%
C4 Carl
45%
K5 Karla
45%
S4 Sara
45%
A5 Anton
42%
H6 Hannah
42%
J6 Johann
42%
L3 Lea
42%
N4 Noah
42%
S5 Sofia
42%
S5 Sofie
42%
V6 Victor
42%
E5 Ellen
39%
F5 Frida
39%
O5 Oscar
39%
A9 Alexander
36%
A6 Andrea
36%
C5 Clara
36%
E5 Elias
36%
E4 Elin
36%
M4 Mads
36%
O3 Ole
36%
P5 Peter
36%
P3 Pia
36%
A4 Alma
33%
E4 Ella
33%
I8 Isabella
33%
J7 Johanne
33%
L4 Lars
33%
L4 Loui
33%
O6 Olivia
33%
R6 Rasmus
33%
T6 Thomas
33%
A4 Adam
30%
B5 Bjorn
30%
E6 Emilie
30%
E5 Emily
30%
J4 Jens
30%
J6 Jesper
30%
L5 Laura
30%
M4 Maja
30%
M6 Mikkel
30%
O6 Oliver
30%
W7 William
30%
C9 Charlotte
27%
H6 Henrik
27%
L4 Lene
27%
L3 Liv
27%
L4 Luna
27%
M6 Magnus
27%
N7 Nicklas
27%
T4 Theo
27%
V7 Vincent
27%
A6 Albert
24%
A6 Alfred
24%
F10 Frederikke
24%
F5 Freja
24%
J8 Josefine
24%
K6 Kasper
24%
T4 Tina
24%
V8 Victoria
24%
A6 Anders
21%
H5 Hanne
21%
L6 Louise
21%
L5 Lucas
21%
M5 Merle
21%
M7 Michael
21%
N4 Nora
21%
A4 Alva
18%
A6 Arthur
18%
A3 Aya
18%
F5 Felix
18%
H4 Hans
18%
H5 Helle
18%
I4 Inge
18%
K5 Karen
18%
M8 Mathilde
18%
M6 Morten
18%
P3 Per
18%
R4 Rosa
18%
A6 Astrid
15%
B8 Benjamin
15%
L4 Liam
15%
N7 Nicolai
15%
P7 Patrick
15%
R5 Rikke
15%
S6 Simone
15%
S7 Stephan
15%
A4 Alba
12%
A4 Asta
12%
M5 Mette
12%
M5 Mille
12%
N5 Niels
12%
O4 Otto
12%
P5 Pelle
12%
A5 Agnes
9%
A6 Amalie
9%
B5 Bente
9%
C7 Camilla
9%
D6 Dennis
9%
J5 Jette
9%
K8 Kathrine
9%
K6 Konrad
9%
L4 Lily
9%
M6 Marius
9%
S5 Soren
9%
S7 Susanne
9%
T7 Theodor
9%
V8 Valdemar
9%
V7 Villads
9%
A5 Aksel
6%
A7 Alberte
6%
A6 August
6%
B5 Bjork
6%
E6 Esther
6%
K7 Kirsten
6%
L6 Laerke
6%
L4 Liva
6%
M6 Matheo
6%
M5 Molly
6%
P8 Pernille
6%
E5 Ellie
3%
E6 Elliot
3%
H4 Hugo
3%
J6 Joakim
3%
L5 Lauge
3%
L4 Lone
3%
N8 Nicoline
3%
R6 Robert
3%
S4 Saga
3%
A5 Storm
3%
V5 Viggo
3%
V5 Vilma
3%
Y6 Yussuf
3%
A5 Anker
0%
A6 Ansger
0%
G3 Gry
0%
J6 Jorgen
0%
L7 Leonora
0%
M6 Malthe
0%
M8 Marianne
0%
M6 Marjun
0%
M5 Milas
0%
N5 Nadia
0%
N4 Nohr
0%
P5 Pione
0%
V7 Vilhelm
0%
V6 Villum
0%
W6 Walter
0%
Keine übereinstimmenden Quizze gefunden
Verteilung der Resultate
Anzahl Personen mit jedem Resultat
Perzentil nach korrekt beantworteten Fragen
Ihre Resultats-Entwicklung
Sie haben dieses Quiz noch nicht gespielt